Powerful phrases for successful interviews : (Record no. 18998)
[ view plain ]
| 000 -LEADER | |
|---|---|
| fixed length control field | 01060nam a22002538i 4500 |
| 001 - CONTROL NUMBER | |
| control field | 016558258 |
| 003 - CONTROL NUMBER IDENTIFIER | |
| control field | OSt |
| 005 - DATE AND TIME OF LATEST TRANSACTION | |
| control field | 20201128021220.0 |
| 008 - FIXED-LENGTH DATA ELEMENTS--GENERAL INFORMATION | |
| fixed length control field | 131108s2014 xxk fr 001 0 eng d |
| 020 ## - INTERNATIONAL STANDARD BOOK NUMBER | |
| International Standard Book Number | 9780814433546 (pbk.) |
| 040 ## - CATALOGING SOURCE | |
| Original cataloging agency | StDuBDS |
| Language of cataloging | eng |
| Transcribing agency | StDuBDS |
| Modifying agency | EG-ScBUE |
| 082 00 - DEWEY DECIMAL CLASSIFICATION NUMBER | |
| Classification number | 650.144 |
| Edition number | 22 |
| Item number | BES |
| 100 1# - MAIN ENTRY--PERSONAL NAME | |
| Personal name | Beshara, Tony, |
| Dates associated with a name | 1948- |
| 9 (RLIN) | 37450 |
| 245 10 - TITLE STATEMENT | |
| Title | Powerful phrases for successful interviews : |
| Remainder of title | over 400 ready-to-use words and phrases that will get you the job you want / |
| Statement of responsibility, etc | by Tony Beshara ; forword by Phil McGraw. |
| 246 3# - VARYING FORM OF TITLE | |
| Title proper/short title | Powerful phrases for successful interviews : |
| Remainder of title | over Four hundred ready-to-use words and phrases that will get you the job you want |
| 260 ## - PUBLICATION, DISTRIBUTION, ETC. (IMPRINT) | |
| Place of publication, distribution, etc | New York, United States : |
| Name of publisher, distributor, etc | AMACOM, American Management Association, |
| Date of publication, distribution, etc | 2014. |
| 300 ## - PHYSICAL DESCRIPTION | |
| Extent | xi, 226 p. ; |
| Dimensions | 23 cm. |
| 500 ## - GENERAL NOTE | |
| General note | Index : p. 221-226. |
| 650 #0 - SUBJECT ADDED ENTRY--TOPICAL TERM | |
| Topical term or geographic name as entry element | Employment interviewing |
| 9 (RLIN) | 1331 |
| 653 ## - INDEX TERM--UNCONTROLLED | |
| Resource For college | Generalities |
| Arrived date list | February2015 |
| 655 ## - INDEX TERM--GENRE/FORM | |
| Form subdivision | |
| -- | 34232 |
| 700 1# - ADDED ENTRY--PERSONAL NAME | |
| Personal name | McGraw, Phillip C., |
| Relator term | author of introduction, etc. |
| 9 (RLIN) | 37451 |
| Dates associated with a name | 1950- |
| 942 ## - ADDED ENTRY ELEMENTS (KOHA) | |
| Source of classification or shelving scheme | Dewey Decimal Classification |
| Call number prefix | 650.144 BES |
| Withdrawn status | Item status | Source of classification or shelving scheme | Damaged status | Not for loan | Vendor | Home library | Current library | Shelving location | Date acquired | Source of acquisition | Cost, normal purchase price | Serial Enumeration / chronology | Total Checkouts | Total Renewals | Full call number | Barcode | Date last seen | Date last borrowed | Cost, replacement price | Koha item type |
|---|---|---|---|---|---|---|---|---|---|---|---|---|---|---|---|---|---|---|---|---|
| Dewey Decimal Classification | Baccah | Central Library | Central Library | First floor | 17/02/2015 | 98.00 | 21291 | 1 | 3 | 650.144 BES | 000037438 | 15/07/2025 | 05/05/2015 | 123.00 | Book - Borrowing |